000 01272nam a2200337 i 4500
001 000015341
003 DO-SdBNP
005 20250918150047.0
007 ta
008 100205s2008 dr a r 001 j spa d
020 _z9789945443240
040 _aDO-SdBNP
_bspa
_cBNPHU
_erda
041 _aspa
082 4 _aRD863.44
_bA445a 2008
_222
100 1 _aAlmánzar Rodríguez, Armando,
_d1935-
_eautor
_4aut.
_919523
245 1 0 _aArquímedes y el jefe y otros cuentos de la era /
_cArmando Almánzar R. ; prólogo, José Alcántara Almánzar.
264 4 _aSanto Domingo :
_bBanco Central de la República Dominicana,
_c©2008.
300 _a161 páginas :
_bilustraciones ;
_c23 cm.
336 _atexto
_btxt
_2rdacontent
337 _asin mediación
_bn
_2rdamedia
338 _avolumen
_bnc
_2rdacarrier
490 1 _aBanco Central de la República Dominicana ;
_v14
490 1 _aArte y literatura ;
_v5
590 _aInventariado, 2019 / DG
650 4 _aCuentos dominicanos
_9176
650 4 _aLiteratura dominicana.
_967
700 1 _aAlcántara Almánzar, José,
_d1946-
_eprologuista
_4pr.
_97018
830 0 _aBanco Central de la República Dominicana ;
_n14
_pArte y literatura ; 5
_934674
910 _aValidado. Control de calidad. MMOLINA
942 _2ddc
_cLBS1
999 _c14907
_d14907